000 00558nam a2200217 a 4500
999 _c5945
_d5945
001 5945
003 BD-JhCC
005 20180102093043.0
008 171231s1963 e a|||| ||a| 000 0 eng d
035 _a(BD-JhCC) 5945
040 _aBD-JhCC
_dBD-JhCC
041 _aeng
082 _a663.94
_bHAR 1963
100 _aHarler, Campbell R
245 _a Tea manufacture /
_cCampbell R Harler,
260 _aLONDON :
_bLondon OXFORD UNIVERSITY PRESS ,
_c1963
300 _a126 P .:
_c20 cm .
650 _aTea
_vProduction
942 _2ddc
_cBK